| 000 | 00596nam a2200229Ia 4500 | ||
|---|---|---|---|
| 003 | OSt | ||
| 005 | 20220925221743.0 | ||
| 006 | a|||||r|||| 00| 0 | ||
| 007 | ta | ||
| 008 | 220923b |||||||| |||| 00| 0 eng d | ||
| 037 | _cGeneral Book | ||
| 040 |
_aRTL _cRTL _beng |
||
| 041 |
_2eng _aeng |
||
| 082 | _aX62k, RR | ||
| 100 |
_aPerry F E Ed. _9287055 |
||
| 245 | 0 | _aThom-son's dictionary of banking | |
| 250 | _a11 | ||
| 260 |
_aLondon _bNew Era publishing UK |
||
| 300 |
_aix, 641p. _ccm. |
||
| 942 |
_hX62k, RR _cGB _2CC |
||
| 999 |
_c575274 _d575274 |
||